Apuntes : Volumen IV : Marcos de plantación y bloques de polinización : Promoción 69 / Escuela de Ingeniería Técnica Agrícola ; recopilado y dirigido por D. Francisco J. Riera... Volumen IV :
Descripción Física:
42 f. ; 31 cm
Otros Autores:
Riera, Francesc Xavier, dir
Materias:
Fecundació de les plantes
MARC
| LEADER | 00000nam a2200000Ia 4500 | ||
|---|---|---|---|
| 001 | 11234 | ||
| 003 | BGR | ||
| 005 | 20260324175314.0 | ||
| 008 | 160829s9999 xx 000 0 cat d | ||
| 080 | |a FOL-1-130 | ||
| 245 | |a Apuntes : |b Volumen IV : |b Marcos de plantación y bloques de polinización : |b Promoción 69 / Escuela de Ingeniería Técnica Agrícola ; recopilado y dirigido por D. Francisco J. Riera... | ||
| 260 | |a Barcelona : |b [l'Escola], [1969?] | ||
| 300 | |a 42 f. ; |c 31 cm | ||
| 650 | |a Fecundació de les plantes |9 25833 | ||
| 700 | |a Riera, Francesc Xavier, dir. |9 38006 | ||
| 710 | 1 | |a Escola Universitària d’Enginyeria Tècnica Agrícola i d'Especialitats Agropecuàries de Barcelona |9 70816 | |
| 901 | |a Arxiu | ||
| 942 | |n 1 |2 udc |c MON | ||
| 952 | |0 0 |1 0 |4 0 |6 FOL1130 |7 1 |9 43810 |a Arxiu |b Arxiu |d 2016-12-01 |l 0 |o FOL-1-130 |p 11234 |r 2016-12-01 00:00:00 |w 2016-12-01 |y ARXIU | ||
| 999 | |c 46359 |d 46359 | ||